MDQL
is popping MORE tags! Check the
thread
!
Quizzes
Events
Quiz Creation
Community
Videos
Private Events
Remove Ads
Sign In
Join for FREE
Feedback
Dark Mode
Quiz Categories
Sports
Geography
Music
Movies
Television
Just For Fun
Miscellaneous
History
Literature
Language
Science
Gaming
Entertainment
Religion
Holiday
For Kids
Quiz Lab
Recent
Popular Today
Quiz Kudos Today
Editor Picks
Curator Picks
Quizzes by...
Day
Popularity
Type
Ratings
Length
Year
Community
Subscriptions
Recent Discussions
Orange Saloon
Badges
Playlists
Quests
Create
Leaderboards
Showdown
Live 5
Trivia Bingo
Activity
Puzzle Library
Sporcle Events
Private Events
Virtual Trivia
Globe League
Become a Host
Pub Owners
SporcleCon
Opinionation
Our Games
Videos
Blog
Mobile Apps
Partnerships
Remove Ads and Go Orange
Feedback
Geography
Country
Landmarks
City
State
Population
World
Capital
Continent
Flags
Europe
Africa
Asia
South America
North America
Oceania
Border
Canada
United Kingdom
Topography
United States
Geography
Country
Landmarks
City
State
Population
World
Capital
Continent
Flags
Europe
Africa
Asia
South America
North America
Oceania
Border
Canada
United Kingdom
Topography
United States
Random Quiz
Search Sporcle
×
Quiz Lab
Quiz Lab
Geography
State
Type in answers that appear in a list
Type in answers that appear in a list
Classic
Best Score? Go Orange.
Anything but Missouri Stats
Can you name the states other than Missouri that...?
By
mathmaster55
2m
29 Questions
1,421 Plays
1,421 Plays
1,421 Plays
Comments
Comments
Give Quiz Kudos
Give Quiz Kudos
-
- Ratings
hide this ad
Replay
Link that replays current quiz
Next Quiz
Link to next quiz in quiz playlist
You Got
0%
They Got
Avg Score
74%
Avg Friend Score
Upgrade to see
Score Distribution
Jump to the score distribution portion of the page
Score
0/29
Timer
02:00
0
Plays Today
Hint
Answer
% Correct
Border Tennessee
Mississippi
93.8%
Begin with M
Mississippi
93.8%
Border Tennessee
Kentucky
91.1%
Begin with M
Montana
89.3%
Have the Missouri River Run Through It or Border It
Montana
89.3%
Border Tennessee
Alabama
84.6%
Border Tennessee
Arkansas
81.8%
Begin with M
Michigan
81.4%
Begin with M
Minnesota
80.9%
Begin with M
Maine
80.6%
Border Tennessee
Georgia
80.3%
Border Tennessee
North Carolina
77.7%
Have Exactly 2 MLB teams
New York (Mets and Yankees)
77.5%
Have Exactly 2 MLB teams
Illinois (Cubs and White Sox)
76.7%
Begin with M
Massachusetts
76%
Hint
Answer
% Correct
Begin with M
Maryland
75.7%
Border Tennessee
Virginia
73.6%
Have Capital Ending in City
Oklahoma (Oklahoma City)
73%
Have Capital Ending in City
Nevada (Carson City)
72.9%
Have Exactly 2 MLB teams
Ohio (Reds and Indians)
71.2%
Have the Missouri River Run Through It or Border It
Kansas
70%
Have Exactly 2 MLB teams
Texas (Rangers and Astros)
68.5%
Have Exactly 2 MLB teams
Florida (Marlins and Rays)
66.9%
Have the Missouri River Run Through It or Border It
Iowa
66.5%
Have the Missouri River Run Through It or Border It
Nebraska
60.1%
Have the Missouri River Run Through It or Border It
South Dakota
58.6%
Have the Missouri River Run Through It or Border It
North Dakota
55.5%
Have Exactly 2 MLB teams
Pennsylvania (Pirates and Phillies)
55.1%
Have Capital Ending in City
Utah (Salt Lake City)
52%
Quiz Playlist
Details
Report
Send in Message
Add To Playlist
Classic:
Type in answers that appear in a list
Last Updated: Mar 16, 2017
Quiz Scoreboard
CHALLENGE
Sign Up to Join the Scoreboard
Show All
Scores
Hide
Comments
May contain spoilers
Recently Published
Two Season TV Shows II
by 123Four
Television
10m
Image Sorting: Flags VI
by Barbecue
Geography
2m
Find the 'City' Movie
by crazypaving
Movies
60s
More to Explore
Quiz From the Vault
Featured Blog Post
14 Easter Pick-up Lines to Find Eggs With
hide this ad
You Might Also Like...
Tags
State Quiz
Anything
missouri
Today's Top Quizzes in Geography
Browse Geography
hide this ad
Today's Top Quizzes in State
Browse State
Top Contributed Quizzes in Geography
1
Colored Red Europe Blitz I
2
Countries of the World - No Outlines Minefield
3
Colored Red Africa Blitz II
4
Colored Red Europe Blitz II
5
Colored Red Europe Blitz III
6
Colored Red Africa Blitz III
7
Colored Red States Blitz I
8
A Different View: World Oceans
9
Colored Red States Blitz II
10
Colored Red States Blitz III
Explore More
Trending Topics
Disney
Anime
Kpop
NBA
Marvel
Harry Potter
Crossword
WWE
Puzzle
The Office
Song
Country
Pokémon
Soccer
NFL
hide this ad
More By:
mathmaster55
Quiz
Plays
Rating
Category
Featured
Created
Anything but 7
316,356
4.38
Just For Fun
Apr 25, 2014
Cities That Are But Aren't
173,415
2.33
Geography
Jun 19, 2013
Sushi or Roller Coaster
20,331
4.51
Just For Fun
Feb 5, 2021
Harry Potter Characters: Real and Fake
15,777
4.75
Literature
Dec 8, 2012
Real or Reel
8,020
3.97
Movies
Dec 22, 2013
Go to Creator's Profile
Score Distribution
Quiz Creator Spotlight
mathmaster55
Follow
Send a Message
Quizzes Created
-
Created Quiz Play Count
-
More By This Creator
Popular Quizzes Today
1
Find the US States - No Outlines Minefield
2
Colored Red Africa Blitz
3
Find the 'City' Movie
4
5x2 Blitz: Bands
5
The Countries of the World
6
Find the Countries of Europe - No Outlines Minefield
7
Find the US States
8
US States
More Geography Quizzes
Click the Densely Populated States
Quiz Lab
Trending Quizzes
Colored Red Europe Blitz I
Colored Red Africa Blitz II
Colored Red Europe Blitz II
Colored Red Africa Blitz III
Colored Red Europe Blitz III
Recently Updated
How Do You Spell That?
pecheneg
Godzilla Movies
pecheneg
Grab Bag: 4-10 Letters
pecheneg
2024 March Madness Bracket
pecheneg
Famous TV Couples
Peacemaker
Champions League XIs: Real Madrid
pecheneg
Largest US Cities 1790-2010
pecheneg
Rides in Walt Disney World
pecheneg
Most Oscar Losses (Acting)
pecheneg
Beyoncé Albums
pecheneg
Trending Topics
Kpop
Disney
NBA
Crossword
Anime
Marvel
Harry Potter
The Office
Soccer
Puzzle
Pokémon
Song
WWE
Country
NFL
Your Account Isn't Verified!
In order to create a playlist on Sporcle, you need to verify the email address you used during registration. Go to your
Sporcle Settings
to finish the process.
Report this User
Report this user for behavior that violates our
Community Guidelines
.
Details:
Send Report
Go to the Sporcle.com Mobile Site →
Comments